<?xml version="1.0" encoding="UTF-8"?>
<collection xmlns="http://www.loc.gov/MARC21/slim">
  <record>
    <leader>00000nam  2200000   4500</leader>
    <controlfield tag="001">INLIS000000000000358</controlfield>
    <controlfield tag="005">20200224022956</controlfield>
    <datafield tag="035" ind1="#" ind2="#">
      <subfield code="a">0010-0718000358</subfield>
    </datafield>
    <controlfield tag="008">200224################|##########|######</controlfield>
    <datafield tag="020" ind1="#" ind2="#">
      <subfield code="a">9786021490013</subfield>
    </datafield>
    <datafield tag="041" ind1=" " ind2=" ">
      <subfield code="a">id</subfield>
    </datafield>
    <datafield tag="082" ind1="#" ind2="#">
      <subfield code="a">303.483</subfield>
    </datafield>
    <datafield tag="090" ind1=" " ind2=" ">
      <subfield code="a">303.483 Ind s</subfield>
    </datafield>
    <datafield tag="245" ind1="#" ind2="#">
      <subfield code="a">Sains dan teknologi 6 : Berbagai ide untuk menjawab tantangan dan kebutuhan</subfield>
    </datafield>
    <datafield tag="250" ind1="#" ind2="#">
      <subfield code="a">Cet.1</subfield>
    </datafield>
    <datafield tag="260" ind1="#" ind2="#">
      <subfield code="a">Jakarta :</subfield>
      <subfield code="b">Kementerian Riset dan TeknologiRI,</subfield>
      <subfield code="c">2013</subfield>
    </datafield>
    <datafield tag="650" ind1=" " ind2="#">
      <subfield code="a">Teknologi - perubahan sosial</subfield>
    </datafield>
  </record>
</collection>
